[Event "Bad Woerishofen Seniors op 17th"]
[Site "Bad Woerishofen"]
[Date "2001.03.19"]
[Round "5"]
[White "Philipp, Guenther"]
[Black "Potthammel, Joerg"]
[Result "0-1"]
[WhiteElo "2071"]
[BlackElo "1820"]
[PlyCount "110"]
[EventDate "2001.03.??"]
[EventType "swiss"]
[EventRounds "9"]
[EventCountry "GER"]
[SourceTitle "EXT 2002"]
[Source "ChessBase"]
[SourceDate "2001.11.25"]
[SourceVersion "1"]
[SourceVersionDate "2001.11.25"]
[SourceQuality "1"]

1. d4 g6 2. Nf3 Bg7 3. c3 Nf6 4. Bg5 d5 5. Nbd2 0-0 6. e3 b6 7. Be2 Bb7 8. 0-0 Nbd7 9. h3 Ne4 10. Bf4 c5 11. a4 a6 12. Qc2 Rc8 13. Bd3 Nxd2 14. Qxd2 Re8 15. Qe2 c4 16. Bc2 f6 17. Bg3 e5 18. dxe5 fxe5 19. Rfd1 e4 20. Nd2 Qe7 21. Re1 Nc5 22. f3 Nd3 23. Bxd3 cxd3 24. Qd1 Qc5 25. Qb3 Kh8 26. Qd1 h6 27. Nb3 Qc4 28. Nd2 Qc5 29. Nb3 Qc4 30. Nd2 Qc6 31. Nb3 Kh7 32. Nd4 Qd7 33. Qd2 Qe7 34. Bf2 Qf7 35. fxe4 dxe4 36. Rf1 Qc7 37. Rac1 Qd7 38. Qd1 Bd5 39. Qd2 Rf8 40. Qd1 b5 41. axb5 axb5 42. b3 h5 43. Be1 Rxf1+ 44. Kxf1 Bxd4 45. cxd4 Bxb3 46. Qd2 Rc2 47. Rxc2 dxc2 48. Qc1 b4 49. Kf2 Qf7+ 50. Kg3 Qc7+ 51. Kf2 Qc4 52. Bd2 Qd3 53. Bxb4 Qd1 54. Bd2 h4 55. g4 Qf3+ 0-1

[Event "Bad Woerishofen Seniors op 17th"]
[Site "Bad Woerishofen"]
[Date "2001.03.16"]
[Round "2"]
[White "Schoen, Siegfried"]
[Black "Philipp, Guenther"]
[Result "0-1"]
[WhiteElo "1539"]
[BlackElo "1752"]
[PlyCount "68"]
[EventDate "2001.03.??"]
[EventType "swiss"]
[EventRounds "9"]
[EventCountry "GER"]
[SourceTitle "EXT 2002"]
[Source "ChessBase"]
[SourceDate "2001.11.25"]
[SourceVersion "1"]
[SourceVersionDate "2001.11.25"]
[SourceQuality "1"]

1. e4 d5 2. exd5 Qxd5 3. Nc3 Qa5 4. d4 Nf6 5. Bd2 c6 6. Bc4 Bf5 7. Nd5 Qd8 8. Nxf6+ exf6 9. c3 Bd6 10. Nf3 Nd7 11. 0-0 0-0 12. Nh4 Be6 13. Bd3 Nb6 14. b3 c5 15. dxc5 Bxc5 16. Bf5 Qd7 17. Bxe6 fxe6 18. Qe2 Rfe8 19. g3 Rad8 20. Rad1 Qd3 21. Qh5 Bf8 22. Qf3 Qxf3 23. Nxf3 e5 24. c4 Nd7 25. Be3 e4 26. Nh4 b6 27. Bd4 g6 28. Ng2 Bc5 29. Ne3 f5 30. Nd5 Bxd4 31. Rxd4 Kf7 32. Rfd1 Ne5 33. Nc7 Nf3+ 34. Kg2 Nxd4 0-1

[Event "Bad Woerishofen Seniors op 17th"]
[Site "Bad Woerishofen"]
[Date "2001.03.15"]
[Round "1"]
[White "Philipp, Guenther"]
[Black "Delander, Adolf"]
[Result "1/2-1/2"]
[WhiteElo "1752"]
[BlackElo "2266"]
[PlyCount "40"]
[EventDate "2001.03.??"]
[EventType "swiss"]
[EventRounds "9"]
[EventCountry "GER"]
[SourceTitle "EXT 2002"]
[Source "ChessBase"]
[SourceDate "2001.11.25"]
[SourceVersion "1"]
[SourceVersionDate "2001.11.25"]
[SourceQuality "1"]

1. d4 d5 2. Nf3 Nf6 3. Bg5 Nbd7 4. e3 e6 5. Nbd2 c5 6. c3 Be7 7. Bd3 0-0 8. 0-0 b6 9. Qb1 h6 10. Bh4 Bb7 11. b4 c4 12. Bc2 Re8 13. Ne5 b5 14. f4 Nf8 15. Bxf6 Bxf6 16. Qd1 g6 17. Qg4 Bg7 18. Nef3 Re7 19. h4 f5 20. Qh3 h5 1/2-1/2